San Manuel Bueno, mártir, y tres historias más
Guardado en:
| Hovedforfatter: | |
|---|---|
| Format: | Bog |
| Sprog: | Undetermined |
| Udgivet: |
Madrid, España
Editorial Espasa-Calpe
1974
|
| Udgivelse: | 9 |
| Fag: | |
| Tags: |
Tilføj Tag
Ingen Tags, Vær først til at tagge denne postø!
|
MARC
| LEADER | 00000nam a2200000Ia 4500 | ||
|---|---|---|---|
| 008 | 170316s9999 xx 000 0 und d | ||
| 040 | |a cru BVZT | ||
| 090 | |a 862 U-2s | ||
| 100 | |a Unamuno, Miguel de | ||
| 245 | |a San Manuel Bueno, mártir, y tres historias más | ||
| 250 | |a 9 | ||
| 260 | |a Madrid, España | ||
| 260 | |b Editorial Espasa-Calpe | ||
| 260 | |c 1974 | ||
| 300 | |a 160 páginas | ||
| 650 | |a LITERATURA ESPAÑOLA | ||
| 650 | |a NOVELAS | ||
| 999 | |c 10486 |d 10486 | ||
| 942 | |c 15 D |h 862 U-2s |2 z | ||
